Catalog

Record Details

Catalog Search



Výchova a vzdelávanie pre 21. storočie : inováciami kurikula k zmysluplnému učeniu  Cover Image Book Book

Výchova a vzdelávanie pre 21. storočie : inováciami kurikula k zmysluplnému učeniu / editor Lubica Bagalová, Zuzanna Vaňová

Bagalová, Lubica (Editor). Vaňová, Zuzanna (Added Author).

Record details

  • ISBN: 80-968477-0-8
  • Physical Description: 203 stran ; 29 cm
  • Edition: Vydanie prvé
  • Publisher: Bratislava : Asociácia  S. Kovalikovej, [1999]

Available copies

  • 2 of 2 copies available at Common Catalog SPOK.

Holds

  • 0 current holds with 2 total copies.
Show Only Available Copies
Location Call Number / Copy Notes Barcode Shelving Location Status Due Date
Montessori Library KNI0384 4614600384 Chodba Available -
Montessori Library KNI0385 4614600385 Chodba Available -

LDR nam a22 i 4500
00146799
003CZ-PrJAB
00520200725092118.0
007ta
008 s1999 xo e 000 0 slo
020 . ‡a80-968477-0-8
040 . ‡aABG312 ‡bcze ‡erda
24500. ‡aVýchova a vzdelávanie pre 21. storočie : ‡binováciami kurikula k zmysluplnému učeniu / ‡ceditor Lubica Bagalová, Zuzanna Vaňová
250 . ‡aVydanie prvé
264 1. ‡a Bratislava : ‡bAsociácia  S. Kovalikovej, ‡c[1999]
300 . ‡a203 stran ; ‡c29 cm
336 . ‡atext ‡btxt ‡2rdacontent
338 . ‡asvazek ‡bnc ‡2rdacarrier
7001 . ‡aBagalová, Lubica ‡4edt
6530 . ‡aděti ‡avzdělávání ‡ainovace ‡aperspektivy
7001 . ‡aVaňová, Zuzanna
910 . ‡aABG312
901 . ‡a46799 ‡bCZ-PrJAB ‡c46799 ‡tbiblio

Additional Resources